| 000 | 01371naa a22003497a 4500 | ||
|---|---|---|---|
| 001 | BR8000245 | ||
| 003 | BR-BrBNA | ||
| 005 | 20240918174538.0 | ||
| 007 | ta | ||
| 008 | 230509b bl.||||| |||| 00| 0 por d | ||
| 040 |
_aBR-BrBNA _bpor _cBiblioteca Nacional de Agricultura |
||
| 041 | _a(Pt) | ||
| 072 |
_aF25; F22 _b0336 |
||
| 090 | _aF25 BR8000245 | ||
| 100 | 1 | _aScherer, E.E. | |
| 100 | 1 | _aBartz, H.R. | |
| 111 | 1 |
_a7. Reuniao de Pesquisa de Soja da Regiao Sul _cPorto Alegre, RS (Brazil) _d30 Jul 1979 |
|
| 245 | 1 | _aCorrecao da acidez do solo em dose unica ou parcelada de calcario [Soja; Glycine max] | |
| 246 | 1 | _a[Correction of soil acidity, using lime in a single application or in parcels [Soybean; Glycine max]] | |
| 246 | 1 | _a[Soybean, research response in Santa Catarina, 1978/79] | |
| 260 | 3 |
_aChapeco, SC (Brasil): _c1979. |
|
| 500 | _aSoja, resultados de pesquisa obtidos em Santa Catarina, ano agricola 1978/79 Chapeco, SC (Brasil): 1979. p. 22-25 (BR8000245-AM)F25 | ||
| 650 | _aFertilidade do solo | ||
| 650 | _aQuimica do solo | ||
| 650 | _aSoja | ||
| 650 | _aSolo | ||
| 650 | _aAcidez do solo | ||
| 650 | _aCalcario | ||
| 773 | 0 |
_tSoja, resultados de pesquisa obtidos em Santa Catarina, ano agricola 1978/79 _wF25 BR8000245 _gChapeco, SC (Brasil), 1979. p. 22-25 |
|
| 909 |
_a202404 _bLucia _c55 _dLucia Elande |
||
| 942 |
_cAM _2AGRIS |
||
| 999 |
_c311912 _d311912 |
||